Movies Quiz

Random Movies or Disney Quiz

Highest Grossing Animated Movies Quiz Stats

 Plays Quiz not verified by Sporcle

Challenge
Share
Tweet
Embed
Score 0/50 Timer 07:00
0 Plays Today
Distributor / Studio Movie % Correct
PixarToy Story
91%
PixarToy Story 2
86.6%
PixarToy Story 3
85.1%
DreamWorksShrek
82.1%
DreamWorksShrek 2
80%
DreamWorksShrek the third
77.1%
PixarCars
76.9%
PixarUp
75.5%
Walt DisneyThe Lion King
74.1%
PixarFinding Nemo
71.9%
PixarCars 2
71.7%
DreamWorksShrek Forever After
71.5%
PixarMonsters Inc
68.6%
PixarThe Incredibles
68.2%
PixarWALL-E
65.1%
Walt DisneyAladdin
62.5%
Walt DisneyBeauty and the Beast
60.8%
20th Century FoxIce Age
60.6%
PixarRatatouille
59.7%
20th Century FoxIce Age Dawn of the Dinosaurs
57.5%
20th Century FoxIce Age the Meltdown
57.3%
PixarA Bug's Life
57.3%
Walt DisneyTangled
54%
Walt DisneyTarzan
50%
Walt DisneyMulan
49.8%
Distributor / Studio Movie % Correct
DreamWorksMadagascar
49.5%
DreamWorksMadagsacar Escape 2 Africa
47.9%
Walt DisneyPocahontas
44.3%
DreamWorksKung Fu Panda
43.2%
DreamWorksHow to Train your Dragon
41.5%
Universal Despicable Me
40.3%
DreamWorksKung Fu Panda 2
38%
Walt DisneyBolt
36.8%
Walt DisneyThe Hunchback of Notre Dame
34.2%
Walt DisneyLilo and Stitch
34.2%
DreamWorksShark Tale
31.8%
DreamWorksMonsters vs Aliens
28.8%
Warner Bros.Happy Feet
28.1%
Walt DisneyChicken Little
28.1%
20th Century FoxRio
26.4%
Walt DisneyDinosaur
26.2%
DreamWorksOver the Hedge
26.2%
DreamWorksMegamind
24.8%
DreamWorksBee Movie
20.5%
20th Century FoxThe Simpsons Movie
19.3%
20th Century FoxHorton Hears a Who
13.9%
Warner Bros.The Polar Express
12.5%
Walt DisneySpirited Away
9.9%
ColumbiaThe Smurfs
8.5%
Walt DisneyA Christmas Carol
8%

You're not logged in!

Compare scores with friends on all Sporcle quizzes.
OR
Log In

You Might Also Like...

Show Comments

Extras

Top Quizzes Today


Score Distribution

Your Account Isn't Verified!

In order to create a playlist on Sporcle, you need to verify the email address you used during registration. Go to your Sporcle Settings to finish the process.

Report this User

Report this user for behavior that violates our Community Guidelines.

Details: